[Event "2.BLS 0506 SC Bann - OSC Baden Baden"]
[Site "?"]
[Date "2005.12.11"]
[Round "4.3"]
[White "Netzer, Jean"]
[Black "Slobodjan, Roman"]
[Result "1-0"]
[WhiteElo "2362"]
[BlackElo "2526"]
[PlyCount "131"]
[EventDate "2005.??.??"]

1. e4 e5 2. Nf3 Nc6 3. Bb5 a6 4. Bxc6 dxc6 5. O-O Qd6 6. Na3 Be6 7. Qe2 f6 8.
Rd1 Bg4 9. h3 Bxf3 10. Qxf3 Rd8 11. Nc4 Qe6 12. Qb3 b6 13. d3 Rd7 14. a4 Ne7
15. Be3 Ng6 16. Nd2 Kf7 17. g3 Bd6 18. Qxe6+ Kxe6 19. Nc4 Rhd8 20. Nxd6 Rxd6
21. a5 b5 22. Bc5 R6d7 23. Ra3 Kf7 24. Rc3 Re8 25. Rf1 Rdd8 26. Ba3 Ne7 27.
Bxe7 Rxe7 28. Rxc6 Rd6 29. Rxd6 cxd6 30. Rc1 Rb7 31. c3 Ke6 32. Kf1 d5 33. Ke2
Kd6 34. Ke3 dxe4 35. dxe4 Kc5 36. b3 Rd7 37. Ke2 Rc7 38. Rd1 Kc6 39. Kd3 Re7
40. Kc2 Kc7 41. Rd5 Re6 42. c4 bxc4 43. b4 Re7 44. Kc3 Kb7 45. Kxc4 Rc7+ 46.
Kb3 Re7 47. b5 axb5 48. Kb4 h5 49. Kxb5 Rc7 50. a6+ Ka7 51. Rd2 g6 52. Rd6 Rf7
53. f3 h4 54. gxh4 f5 55. Rxg6 fxe4 56. fxe4 Rh7 57. Kc5 Rxh4 58. Kd5 Rh5 59.
Re6 Rxh3 60. Kxe5 Rh5+ 61. Kd4 Rh4 62. Rc6 Rh1 63. e5 Rd1+ 64. Ke4 Re1+ 65. Kf5
Rf1+ 66. Kg6 1-0

[Event "2.BLS 0506 SC Bann - OSC Baden Baden"]
[Site "?"]
[Date "2005.12.11"]
[Round "4.4"]
[White "Dolezal, Radoslav"]
[Black "Mutschnik, Illya"]
[Result "1/2-1/2"]
[WhiteElo "2387"]
[BlackElo "2414"]
[PlyCount "48"]
[EventDate "2005.??.??"]

1. d4 Nf6 2. Nf3 g6 3. c4 Bg7 4. g3 O-O 5. Bg2 d6 6. O-O Nc6 7. d5 Na5 8. Nfd2
c5 9. Nc3 a6 10. Qc2 Rb8 11. b3 b5 12. Rb1 e6 13. Bb2 Re8 14. e4 Bd7 15. Ba1
bxc4 16. bxc4 Rxb1 17. Rxb1 Ng4 18. h3 Ne5 19. Bf1 g5 20. Nd1 Qc7 21. Ne3 Rb8
22. Rxb8+ Qxb8 23. Bc3 Qb6 24. Kg2 h6 {(=)} 1/2-1/2

[Event "2.BLS 0506 SC Bann - OSC Baden Baden"]
[Site "?"]
[Date "2005.12.11"]
[Round "4.5"]
[White "Nill, Jessica"]
[Black "Nun, Jiri"]
[Result "1/2-1/2"]
[WhiteElo "2339"]
[BlackElo "2376"]
[PlyCount "68"]
[EventDate "2005.??.??"]

1. d4 c5 2. d5 g6 3. e4 d6 4. h3 Bg7 5. Nf3 Na6 6. Bd3 Nc7 7. a4 b6 8. O-O a6
9. c4 e5 10. dxe6 Nxe6 11. Nc3 Ne7 12. Nd5 O-O 13. Qb3 Rb8 14. Bd2 Nc6 15. Bc3
Ned4 16. Qd1 Be6 17. Rb1 a5 18. Rc1 Rb7 19. b3 Nxf3+ 20. Qxf3 Bxc3 21. Nxc3 Nd4
22. Qd1 f5 23. exf5 Bxf5 24. Bxf5 Rxf5 25. Ne2 Nxe2+ 26. Qxe2 Re7 27. Qc2 d5
28. cxd5 Rxd5 29. Rcd1 Red7 30. Rxd5 Rxd5 31. Qc4 Kg7 32. Qc3+ Qf6 33. Qe3 Qd6
34. Qc3+ Qf6 1/2-1/2

[Event "2.BLS 0506 SC Bann - OSC Baden Baden"]
[Site "?"]
[Date "2005.12.11"]
[Round "4.6"]
[White "Muraniy, Karl-Jasmin"]
[Black "Reefschlaeger, Helmut"]
[Result "1-0"]
[WhiteElo "2359"]
[BlackElo "2314"]
[PlyCount "55"]
[EventDate "2005.??.??"]

1. d4 d5 2. Bf4 e6 3. e3 Bd6 4. Bxd6 Qxd6 5. c3 Nf6 6. Qa4+ Nbd7 7. Qa3 c5 8.
Nf3 O-O 9. Nbd2 b6 10. Be2 e5 11. O-O Re8 12. Bb5 Re7 13. Bxd7 Nxd7 14. b4 e4
15. bxc5 bxc5 16. Nh4 Qf6 17. g3 cxd4 18. cxd4 Nb6 19. Rfc1 Bh3 20. Rab1 Re6
21. Rc7 g5 22. Ng2 Bxg2 23. Kxg2 Qf5 24. h3 h5 25. Rf1 a5 26. Qb3 g4 27. h4
Ree8 28. Qxb6 1-0

[Event "2.BLS 0506 SC Bann - OSC Baden Baden"]
[Site "?"]
[Date "2005.12.11"]
[Round "4.7"]
[White "Borulya, Ekaterina"]
[Black "Baerwinkel, Tobias"]
[Result "1/2-1/2"]
[WhiteElo "2286"]
[BlackElo "2266"]
[PlyCount "101"]
[EventDate "2005.??.??"]

1. e4 c5 2. Nf3 d6 3. d4 cxd4 4. Nxd4 Nf6 5. Nc3 a6 6. g3 e5 7. Nb3 Be7 8. Bg2
O-O 9. O-O b5 10. Re1 Bb7 11. a4 b4 12. Nd5 a5 13. Bd2 Nbd7 14. c3 Bxd5 15.
exd5 Qb8 16. cxb4 axb4 17. a5 Qb5 18. Be3 Rfc8 19. g4 h6 20. h4 Nh7 21. Bf1 Qb8
22. h5 Bg5 23. a6 Bxe3 24. Rxe3 Nc5 25. Na5 Rc7 26. Nc6 Qb6 27. Ra5 Rxc6 28.
Rb5 Qxb5 29. Bxb5 Rb6 30. Bf1 Nxa6 31. Bxa6 Rbxa6 32. Qb3 Nf6 33. Qc4 Ra5 34.
Rd3 Rc5 35. Qxb4 Nxd5 36. Qe4 Ra1+ 37. Kh2 Nf6 38. Qf5 d5 39. Ra3 Rxa3 40. bxa3
Rc4 41. f3 Rc3 42. a4 Ra3 43. g5 Ra2+ 44. Kg1 Ra1+ 45. Kf2 Ra2+ 46. Ke1 Ra1+
47. Kd2 hxg5 48. Qxg5 Rxa4 49. h6 Rg4 50. Qxe5 Rg6 51. hxg7 1/2-1/2

[Event "2.BLS 0506 SC Bann - OSC Baden Baden"]
[Site "?"]
[Date "2005.12.11"]
[Round "4.8"]
[White "Mozny, Mylos"]
[Black "Tammert, Iamze"]
[Result "1-0"]
[WhiteElo "2364"]
[BlackElo "2270"]
[PlyCount "97"]
[EventDate "2005.??.??"]

1. d4 g6 2. g3 Bg7 3. Bg2 d5 4. c4 Nf6 5. cxd5 Nxd5 6. e4 Nb6 7. Ne2 O-O 8.
Nbc3 e5 9. d5 c6 10. O-O Bg4 11. f3 Bd7 12. a4 cxd5 13. exd5 Na6 14. b3 h5 15.
Ne4 Nc8 16. Kh1 Qa5 17. b4 Qd8 18. b5 Nc7 19. Ba3 Re8 20. Rc1 f5 21. Nd6 Nxd6
22. Bxd6 Rc8 23. Qb3 Kh7 24. Rfd1 Na8 25. Bc5 a6 26. b6 Rxc5 27. Rxc5 Nxb6 28.
Nc3 Bf8 29. d6 Be6 30. Qb1 Bxd6 31. Rxe5 Qc7 32. Ree1 Bc5 33. a5 Nc4 34. Nd5
Qf7 35. Qc1 Ba3 36. Qxc4 Bxd5 37. Qa4 Rxe1+ 38. Rxe1 Bf8 39. f4 h4 40. Rd1
Bxg2+ 41. Kxg2 Kh6 42. Qd4 Bg7 43. Qd2 Qc4 44. Kh3 Qe4 45. Qd8 Kh7 46. Qxh4+
Kg8 47. Rd8+ Kf7 48. Rd7+ Kg8 49. Qd8+ 1-0

[Event "2.BLS 0506 Bad Mergentheim - SC HP Böbl"]
[Site "?"]
[Date "2005.12.11"]
[Round "4.1"]
[White "Dausch, Rene"]
[Black "Ivanov, Mikhail M"]
[Result "1-0"]
[WhiteElo "2387"]
[BlackElo "2457"]
[PlyCount "81"]
[EventDate "2005.??.??"]

1. d4 Nf6 2. Nf3 g6 3. Bg5 Bg7 4. Nbd2 d5 5. Bxf6 exf6 6. e3 f5 7. c4 c6 8.
cxd5 cxd5 9. Qb3 O-O 10. g3 a5 11. Bb5 Be6 12. O-O h6 13. Rac1 Nd7 14. Rc3 Nf6
15. Rfc1 Ne4 16. Rc7 g5 17. Qa4 f4 18. exf4 gxf4 19. Bd7 Qf6 20. Rxb7 Rab8 21.
Rxb8 Rxb8 22. Rc8+ Rxc8 23. Bxc8 Qf5 24. Qe8+ Kh7 25. Nh4 Qf6 26. Bxe6 fxe6 27.
Ndf3 fxg3 28. hxg3 Nd6 29. Qa8 Nf5 30. Nxf5 Qxf5 31. Kg2 Qc2 32. Qxa5 Qxb2 33.
Qa7 Kg6 34. a4 Bf6 35. a5 h5 36. a6 h4 37. gxh4 Qe2 38. h5+ Kf5 39. Qh7+ Kf4
40. Qh6+ Ke4 41. Qg6+ 1-0

[Event "2.BLS 0506 Bad Mergentheim - SC HP Böbl"]
[Site "?"]
[Date "2005.12.11"]
[Round "4.2"]
[White "Karpatchev, Aleksandr"]
[Black "Gheng, Josef"]
[Result "1-0"]
[WhiteElo "2507"]
[BlackElo "2341"]
[PlyCount "95"]
[EventDate "2005.??.??"]

1. e4 c5 2. c3 d5 3. exd5 Qxd5 4. d4 Nf6 5. Nf3 Nc6 6. Be2 e6 7. O-O Be7 8. c4
Qd8 9. dxc5 Qxd1 10. Rxd1 Ne4 11. Be3 O-O 12. Nd4 Nxd4 13. Bxd4 Bxc5 14. Bxc5
Nxc5 15. Nc3 a5 16. Bf3 Rb8 17. Rd6 b6 18. Rad1 f6 19. a3 a4 20. Bc6 Ba6 21.
Bb5 Bxb5 22. cxb5 Kf7 23. Rc6 Rb7 24. Rdd6 Rfb8 25. f3 Ke7 26. Ne4 Rd7 27.
Rxd7+ Nxd7 28. Nd6 Ne5 29. Rc8 Kxd6 30. Rxb8 Kc5 31. Rc8+ Kxb5 32. Rc2 Nc4 33.
Kf2 Kc5 34. Ke2 Kd4 35. h4 h5 36. g4 g6 37. gxh5 gxh5 38. Rc3 b5 39. Rd3+ Ke5
40. Rd8 Kf4 41. Rh8 Nxb2 42. Rxh5 e5 43. Rh8 Nc4 44. Rg8 Nd6 45. h5 Nf7 46. Rg7
Ng5 47. h6 b4 48. Rxg5 1-0

[Event "2.BLS 0506 Bad Mergentheim - SC HP Böbl"]
[Site "?"]
[Date "2005.12.11"]
[Round "4.3"]
[White "Bauer, Peter"]
[Black "Gasthofer, Alexander"]
[Result "0-1"]
[WhiteElo "2295"]
[BlackElo "2418"]
[PlyCount "70"]
[EventDate "2005.??.??"]

1. e4 e6 2. d4 d5 3. e5 c5 4. c3 Qb6 5. Nf3 Nc6 6. Be2 cxd4 7. cxd4 Nh6 8. b3
Bb4+ 9. Kf1 Nf5 10. Bb2 Be7 11. h4 h5 12. g3 O-O 13. Nc3 f6 14. Na4 Qd8 15.
exf6 Bxf6 16. Kg2 b6 17. Rc1 Qd6 18. Bb5 Bb7 19. Re1 Rac8 20. Bd3 g6 21. Bb1
Rce8 22. Qd2 Bg7 23. Rcd1 Re7 24. Qc1 Ref7 25. Re2 Nxg3 26. fxg3 Rxf3 27. Qg5
Ne7 28. Bxg6 Bh6 29. Bf7+ Kh7 30. Ba3 Qb8 31. Qxh6+ Kxh6 32. Rxe6+ Kg7 33. Kxf3
Rxf7+ 34. Kg2 Nf5 35. Re5 Qxe5 0-1

[Event "2.BLS 0506 Bad Mergentheim - SC HP Böbl"]
[Site "?"]
[Date "2005.12.11"]
[Round "4.4"]
[White "Gasthofer, Viktor"]
[Black "Ortmann, David"]
[Result "1/2-1/2"]
[WhiteElo "2330"]
[BlackElo "2294"]
[PlyCount "27"]
[EventDate "2005.??.??"]

1. c4 Nf6 2. Nc3 c5 3. Nf3 b6 4. g3 Bb7 5. Bg2 e6 6. O-O Be7 7. d4 cxd4 8. Qxd4
d6 9. Bg5 a6 10. Rfd1 Nbd7 11. Qd2 O-O 12. Bf4 Ne8 13. Rac1 Qc7 14. b3 {(=)}
1/2-1/2

[Event "2.BLS 0506 Bad Mergentheim - SC HP Böbl"]
[Site "?"]
[Date "2005.12.11"]
[Round "4.5"]
[White "Kabisch, Thilo"]
[Black "Bogdanovich, Grigory"]
[Result "1-0"]
[WhiteElo "2330"]
[BlackElo "2349"]
[PlyCount "63"]
[EventDate "2005.??.??"]

1. e4 c5 2. Nf3 Nf6 3. e5 Nd5 4. Nc3 Nxc3 5. dxc3 Nc6 6. Bf4 Qc7 7. Qd2 e6 8.
h4 h6 9. O-O-O b6 10. h5 Bb7 11. Be2 O-O-O 12. g4 Na5 13. Rhg1 Bd5 14. b3 Nb7
15. c4 Bc6 16. g5 hxg5 17. Nxg5 d6 18. Qe3 dxe5 19. Bxe5 Qe7 20. Bf3 Be8 21.
Bf4 Qf6 22. Be5 Qe7 23. Bf4 Qf6 24. Kb1 Na5 25. Ne4 Qf5 26. Rxd8+ Kxd8 27. Bg4
Qh7 28. Ng5 Qg8 29. Qe5 Bc6 30. Qc7+ Ke8 31. Rd1 Be7 32. Qc8+ 1-0

[Event "2.BLS 0506 Bad Mergentheim - SC HP Böbl"]
[Site "?"]
[Date "2005.12.11"]
[Round "4.6"]
[White "Schmidt-Schaeffer, Sebastian"]
[Black "Tuncer, Ufuk"]
[Result "1-0"]
[WhiteElo "2325"]
[BlackElo "2295"]
[PlyCount "59"]
[EventDate "2005.??.??"]

1. e4 c5 2. Nf3 Nc6 3. d4 cxd4 4. Nxd4 g6 5. c4 Bg7 6. Be3 Nf6 7. Nc3 O-O 8.
Be2 d6 9. O-O Bd7 10. h3 Nxd4 11. Bxd4 Bc6 12. Qd3 Nd7 13. Bxg7 Kxg7 14. b4 b6
15. a3 Qc7 16. Rfc1 Rfe8 17. Qe3 Rac8 18. Bg4 Kg8 19. h4 e6 20. Be2 Qd8 21. h5
d5 22. Ra2 Qf6 23. Rd2 dxc4 24. b5 Nc5 25. e5 Qh4 26. Rd4 Qe7 27. bxc6 Nb3 28.
Rd7 Qxa3 29. Rcd1 Nc5 30. Qf3 1-0

[Event "2.BLS 0506 Bad Mergentheim - SC HP Böbl"]
[Site "?"]
[Date "2005.12.11"]
[Round "4.7"]
[White "Boehm, Martin"]
[Black "Hauke, Christian"]
[Result "1-0"]
[WhiteElo "2254"]
[BlackElo "2267"]
[PlyCount "73"]
[EventDate "2005.??.??"]

1. c4 g6 2. Nc3 Bg7 3. g3 e5 4. Bg2 d6 5. Nf3 Nc6 6. O-O f5 7. d3 Nf6 8. Rb1 a5
9. a3 O-O 10. b4 axb4 11. axb4 h6 12. b5 Ne7 13. Nd2 g5 14. Nd5 Nexd5 15. cxd5
b6 16. Nc4 f4 17. e4 g4 18. Re1 Nh5 19. Qc2 Qf6 20. Bb2 Qf7 21. Bc3 Nf6 22. Qb2
Nh7 23. d4 exd4 24. Bxd4 Ra2 25. Qxa2 Bxd4 26. Kh1 Ng5 27. Qd2 Bc5 28. gxf4 Qh5
29. f5 Kh7 30. Qf4 Rg8 31. Ra1 Rg7 32. Ra7 Bd4 33. f6 Rf7 34. e5 dxe5 35. Nxe5
Bxe5 36. Qxe5 Nh3 37. Qxh5 1-0

[Event "2.BLS 0506 Bad Mergentheim - SC HP Böbl"]
[Site "?"]
[Date "2005.12.11"]
[Round "4.8"]
[White "Kluss, Kai"]
[Black "Heinl, Thomas"]
[Result "1-0"]
[WhiteElo "2192"]
[BlackElo "2248"]
[PlyCount "91"]
[EventDate "2005.??.??"]

1. d4 Nf6 2. c4 g6 3. Nc3 Bg7 4. e4 d6 5. f4 O-O 6. Nf3 Na6 7. Bd3 Bg4 8. Be3
Nd7 9. O-O e5 10. fxe5 c5 11. h3 cxd4 12. Bxd4 dxe5 13. Be3 Ndc5 14. Bc2 Bxf3
15. Qxf3 Ne6 16. Rad1 Nd4 17. Qf2 Rc8 18. b3 Nc7 19. Bd3 a6 20. c5 Qe7 21. b4
Qe6 22. Na4 Rcd8 23. Nb6 Qc6 24. Qh4 Nce6 25. Nd5 Rxd5 26. exd5 Qxd5 27. Bxd4
Nxd4 28. Qe4 Qd7 29. Bc4 Kh8 30. Qd5 Qc8 31. Rxf7 Rd8 32. Qxb7 Qxb7 33. Rxb7
Nf3+ 34. Kf2 Nd4 35. c6 Rf8+ 36. Rf7 Nxc6 37. Rxf8+ Bxf8 38. a3 a5 39. b5 Nd4
40. a4 Bc5 41. Kf1 e4 42. Rc1 e3 43. Bd3 Bb6 44. Rc8+ Kg7 45. Rb8 Bc5 46. b6
1-0

[Event "2.BLS 0506 Karlsruher SF - Bayern Münch"]
[Site "?"]
[Date "2005.12.11"]
[Round "4.1"]
[White "Marcelin, Cyril"]
[Black "Delemarre, Jop"]
[Result "1/2-1/2"]
[WhiteElo "2463"]
[BlackElo "2433"]
[PlyCount "151"]
[EventDate "2005.??.??"]

1. d4 d5 2. c4 c6 3. Nc3 e5 4. e3 e4 5. Bd2 Nf6 6. Nge2 Na6 7. Ng3 Nc7 8. cxd5
cxd5 9. Rc1 Bd6 10. Nb5 Nxb5 11. Bxb5+ Bd7 12. Qb3 O-O 13. Bxd7 Qxd7 14. Bb4
Rfc8 15. O-O Bxg3 16. fxg3 Rxc1 17. Rxc1 Rc8 18. Rxc8+ Qxc8 19. Qc3 {(=)} Qxc3
20. Bxc3 Ng4 21. Bd2 h5 22. h3 Nh6 23. Kf2 f6 24. Bb4 Kf7 25. Bc5 a6 26. Bb4 g5
27. Bc5 Nf5 28. b3 Ke6 29. Bf8 Kf7 30. Bc5 Ke6 31. Bf8 g4 32. Bb4 Kd7 33. h4
Kc6 34. Be1 Kb5 35. Ke2 a5 36. a4+ Ka6 37. Kd2 b5 38. Bf2 Ne7 39. Kc3 Nc6 40.
Be1 Nb4 41. Bd2 Nc6 42. Be1 Ne7 43. Kb2 Nc8 44. Bf2 Nd6 45. Kc3 Nf5 46. Kc2 Nh6
47. Kc3 Nf7 48. Kc2 Nd8 49. Kc3 Nc6 50. Be1 Na7 51. Bf2 Kb6 52. Be1 Kb7 53. Kb2
Ka6 54. Bf2 Nc8 55. Bg1 Ne7 56. Bf2 Kb6 57. Kc2 Kb7 58. Kb2 Nc8 59. Ka3 Kb6 60.
Kb2 Ka6 61. Bg1 Nd6 62. Bf2 Kb6 63. Kc2 Nb7 64. Kb2 Ka7 65. Bg1 Nd8 66. Bf2 Ka6
67. Kc3 Nf7 68. Kb2 Nd6 69. Bg1 Nc8 70. Ka2 Na7 71. Bf2 Nc6 72. Be1 Ne7 73. Kb2
Nc8 74. Bf2 Na7 75. Kc3 Kb6 76. Be1 1/2-1/2

[Event "2.BLS 0506 Karlsruher SF - Bayern Münch"]
[Site "?"]
[Date "2005.12.11"]
[Round "4.2"]
[White "Gerstner, Wolfgang"]
[Black "Heinzel, Olaf"]
[Result "1-0"]
[WhiteElo "2407"]
[BlackElo "2401"]
[PlyCount "83"]
[EventDate "2005.??.??"]

1. d4 d5 2. c4 e6 3. Nc3 Nf6 4. Bg5 Be7 5. e3 c6 6. Nf3 Nbd7 7. Qc2 O-O 8. Rd1
a6 9. a3 Re8 10. h3 Qa5 11. c5 b5 12. Bd3 Nf8 13. O-O N6d7 14. Bxe7 Rxe7 15. e4
Bb7 16. Rfe1 Rae8 17. Re3 Qd8 18. Rde1 Nxc5 19. dxc5 d4 20. Nxd4 Qxd4 21. Ne2
Qf6 22. e5 Qh6 23. Ng3 Nd7 24. Qc3 Qg5 25. Qd4 Ba8 26. b4 Rd8 27. h4 Qh6 28.
Ne4 Ree8 29. Nd6 Rf8 30. g3 Kh8 31. Bf1 g6 32. Bg2 Qg7 33. f4 h6 34. Kf2 Rg8
35. Rd3 Rgf8 36. Red1 Nb8 37. Nxf7+ Qxf7 38. Qxd8 Rxd8 39. Rxd8+ Kg7 40. Rxb8
g5 41. Rbd8 Kg6 42. R1d7 1-0

[Event "2.BLS 0506 Karlsruher SF - Bayern Münch"]
[Site "?"]
[Date "2005.12.11"]
[Round "4.3"]
[White "Renner, Christoph"]
[Black "Karst, Elmar"]
[Result "1-0"]
[WhiteElo "2447"]
[BlackElo "2317"]
[PlyCount "87"]
[EventDate "2005.??.??"]

1. e4 d6 2. d4 Nf6 3. f3 g6 4. Be3 c6 5. Qd2 Nbd7 6. c4 a6 7. a4 c5 8. Ne2 Bg7
9. d5 O-O 10. Nec3 Qa5 11. Be2 Ne5 12. Ra3 Ne8 13. O-O f5 14. exf5 gxf5 15. h3
Qb4 16. b3 Ng6 17. f4 Bd7 18. Bd3 Nc7 19. a5 Rab8 20. Qc1 b5 21. Na2 Qxa3 22.
Nxa3 bxc4 23. Bxc4 Nb5 24. Bxb5 axb5 25. b4 Rfc8 26. Qd2 e5 27. dxe6 Bxe6 28.
Rc1 Rd8 29. Rb1 Ne7 30. Nc3 Nc6 31. Ncxb5 cxb4 32. Rxb4 Nxb4 33. Qxb4 Bf8 34.
Bd4 Rdc8 35. a6 Bd5 36. a7 Rc1+ 37. Kh2 Re8 38. Nc3 Ba8 39. Qb3+ d5 40. Nab5
Bh6 41. Kg3 Rf1 42. Nxd5 Re6 43. Nbc7 Rg6+ 44. Kh2 1-0

[Event "2.BLS 0506 Karlsruher SF - Bayern Münch"]
[Site "?"]
[Date "2005.12.11"]
[Round "4.4"]
[White "Arnold, Lothar"]
[Black "Klebel, Martin Dr"]
[Result "1-0"]
[WhiteElo "2348"]
[BlackElo "2391"]
[PlyCount "59"]
[EventDate "2005.??.??"]

1. e4 c5 2. Nf3 e6 3. d4 cxd4 4. Nxd4 Nc6 5. Nc3 Qc7 6. Be2 a6 7. O-O Nf6 8.
Be3 Ne5 9. f4 Nc4 10. Bc1 Bb4 11. Qd3 b5 12. e5 Bxc3 13. Qxc3 Nd5 14. Qg3 O-O
15. b3 Qb6 16. Rd1 Na5 17. Kh1 Nc6 18. Nxc6 dxc6 19. f5 Kh8 20. c4 Ne7 21. f6
Ng6 22. fxg7+ Kxg7 23. Bg5 f5 24. exf6+ Kg8 25. Bd3 Qb8 26. Qh3 Qc7 27. Qh6 Qf7
28. Be4 Ra7 29. Rd3 bxc4 30. Rg3 1-0

[Event "2.BLS 0506 Karlsruher SF - Bayern Münch"]
[Site "?"]
[Date "2005.12.11"]
[Round "4.5"]
[White "Meissner, Bernd-Guenther"]
[Black "Werner, Clemens"]
[Result "1-0"]
[WhiteElo "2357"]
[BlackElo "2282"]
[PlyCount "121"]
[EventDate "2005.??.??"]

1. d4 d6 2. c4 e5 3. d5 f5 4. e4 Nf6 5. exf5 Bxf5 6. Nc3 Be7 7. Nge2 O-O 8. Ng3
Qd7 {(=)} 9. Bd3 Bxd3 10. Qxd3 Na6 11. O-O c6 12. Be3 Ng4 13. Rad1 Nxe3 14.
Qxe3 Rf4 15. b3 c5 16. Nce4 Qg4 17. f3 Qg6 18. Ne2 Rh4 19. Rf2 Rf8 20. Rdf1 Nc7
21. Kh1 h6 22. g3 Rh5 23. g4 Rh3 24. N2g3 Bg5 25. Qd3 Bf4 26. Kg2 Rh4 27. Nxc5
Qg5 28. Nce4 Qg6 29. Kg1 h5 30. gxh5 Rxh5 31. Rg2 Bxg3 32. hxg3 b6 33. Qd2 Ne8
34. Rff2 Rhf5 35. Qe2 Kf7 36. f4 Kg8 37. Qe3 Rh5 38. Ng5 exf4 39. Qe6+ Qxe6 40.
Nxe6 f3 41. Nxf8 fxg2 42. Nd7 Nc7 43. Rf8+ Kh7 44. Rc8 Na6 45. Ra8 Nb4 46. Rxa7
Kg6 47. Rb7 Kf5 48. Kxg2 Ke4 49. Nxb6 Nc2 50. Re7+ Kd3 51. g4 Rg5 52. Kf3 Rg6
53. Kf4 Rf6+ 54. Kg5 Nd4 55. Rxg7 Rf2 56. Nc8 Rxa2 57. Nxd6 Nxb3 58. Nb7 Kxc4
59. d6 Na5 60. Rc7+ Kb5 61. d7 1-0

[Event "2.BLS 0506 Karlsruher SF - Bayern Münch"]
[Site "?"]
[Date "2005.12.11"]
[Round "4.6"]
[White "Bach, Edwin"]
[Black "Lentrodt, Thomas"]
[Result "1/2-1/2"]
[WhiteElo "2296"]
[BlackElo "2312"]
[PlyCount "55"]
[EventDate "2005.??.??"]

1. Nf3 g6 2. e4 Bg7 3. d4 d6 4. c3 Nc6 5. Bc4 Nf6 6. Qe2 e5 7. dxe5 Nxe5 8.
Nxe5 dxe5 9. Bg5 h6 10. Bh4 O-O 11. O-O Qe8 12. Nd2 Nh5 13. a4 Be6 14. Rfd1 Bf6
15. Bxf6 Nxf6 16. f3 Kg7 17. Nf1 Qc6 18. Bxe6 Qxe6 19. a5 Rfd8 20. Qb5 b6 21.
Ne3 c6 22. Qc4 b5 23. Qc5 Rd7 24. c4 a6 25. cxb5 cxb5 26. Rxd7 Nxd7 27. Qc3 Nf6
28. Rd1 {(=)} 1/2-1/2

[Event "2.BLS 0506 Karlsruher SF - Bayern Münch"]
[Site "?"]
[Date "2005.12.11"]
[Round "4.7"]
[White "Deglmann, Ludwig"]
[Black "Duschek, Volker"]
[Result "1/2-1/2"]
[WhiteElo "2378"]
[BlackElo "2287"]
[PlyCount "31"]
[EventDate "2005.??.??"]

1. d4 Nf6 2. Nf3 g6 3. Bf4 Bg7 4. e3 d6 5. h3 O-O 6. Be2 c5 7. c3 Nc6 8. Nbd2
cxd4 9. cxd4 e5 10. dxe5 dxe5 11. Nxe5 Nd5 12. Ndc4 Nxf4 13. exf4 Qf6 14. Nxc6
bxc6 15. O-O Qxf4 16. Rc1 {(=)} 1/2-1/2

[Event "2.BLS 0506 Karlsruher SF - Bayern Münch"]
[Site "?"]
[Date "2005.12.11"]
[Round "4.8"]
[White "Schlager, Thomas"]
[Black "Unzicker, Ferdinand Dr"]
[Result "1/2-1/2"]
[WhiteElo "2297"]
[BlackElo "2256"]
[PlyCount "57"]
[EventDate "2005.??.??"]

1. d4 e6 2. c4 d5 3. Nf3 Nf6 4. Bg5 Be7 5. Nc3 O-O 6. e3 h6 7. Bh4 b6 8. cxd5
Nxd5 9. Bxe7 Qxe7 10. Nxd5 exd5 11. Qd2 Be6 12. b4 Rc8 13. Bd3 c6 14. Rb1 Nd7
15. O-O Bg4 16. Ne1 a5 17. bxa5 Rxa5 18. Rxb6 Rxa2 19. Qxa2 Nxb6 20. h3 Be6 21.
Nf3 c5 22. dxc5 Qxc5 23. Nd4 Nd7 24. Qa6 Nb8 25. Nxe6 Nxa6 26. Nxc5 Nxc5 27.
Rc1 Kf8 28. Bf5 Rc6 29. Bd7 1/2-1/2

[Event "2.BLS 0506 Heidelberg HSH - SG Turm Tri"]
[Site "?"]
[Date "2005.12.11"]
[Round "4.1"]
[White "Cyborowski, Lukasz"]
[Black "Ikonnikov, Viacheslav"]
[Result "1/2-1/2"]
[WhiteElo "2537"]
[BlackElo "2566"]
[PlyCount "81"]
[EventDate "2005.??.??"]

1. Nf3 Nf6 2. c4 e6 3. Nc3 Bb4 4. Qc2 c5 5. a3 Ba5 6. g3 Nc6 7. Bg2 O-O 8. O-O
d6 9. d3 h6 10. Rb1 Rb8 11. Na2 Nd4 12. Qd1 Nxf3+ 13. Bxf3 e5 14. b4 Bc7 15.
Nc3 a6 16. bxc5 dxc5 17. Bg2 b6 18. a4 Bg4 19. h3 Be6 20. Qc2 Qd7 21. Kh2 h5
22. e4 h4 23. Be3 Rfc8 24. Bg5 Nh7 25. Be3 Bd8 26. Qd2 Be7 27. Rb3 Rd8 28. Rd1
Qc6 29. Qc1 Qc7 30. Rb2 Qd6 31. a5 bxa5 32. Ra2 Qc7 33. Qa3 a4 34. Qxa4 Bg5 35.
Bxg5 hxg3+ 36. fxg3 Nxg5 37. Nd5 Bxd5 38. cxd5 Qd6 39. Rc1 Rb5 40. Rd1 Qb6 41.
Rc2 1/2-1/2

[Event "2.BLS 0506 Heidelberg HSH - SG Turm Tri"]
[Site "?"]
[Date "2005.12.11"]
[Round "4.2"]
[White "Schwalfenberg, Joerg"]
[Black "Jaracz, Pawel"]
[Result "1/2-1/2"]
[WhiteElo "2335"]
[BlackElo "2492"]
[PlyCount "39"]
[EventDate "2005.??.??"]

1. d4 Nf6 2. Nf3 e6 3. g3 c5 4. c4 cxd4 5. Nxd4 Qc7 6. Qa4 Bc5 7. Nb3 b6 8.
Nxc5 bxc5 9. Bg2 Bb7 10. O-O Bxg2 11. Kxg2 O-O 12. Nc3 h6 13. Rd1 a6 14. Bf4 e5
15. Be3 d6 16. Rac1 Nbd7 17. Qc2 Rfd8 18. f3 Nf8 19. Qf5 Qe7 20. Bf2 {(=)}
1/2-1/2

[Event "2.BLS 0506 Heidelberg HSH - SG Turm Tri"]
[Site "?"]
[Date "2005.12.11"]
[Round "4.3"]
[White "Flumbort, Andras"]
[Black "Roos, Jean-Luc"]
[Result "1-0"]
[WhiteElo "2448"]
[BlackElo "2294"]
[PlyCount "87"]
[EventDate "2005.??.??"]

1. d4 e6 2. c4 d5 3. Nf3 Nf6 4. g3 Be7 5. Bg2 O-O 6. O-O c6 7. Qc2 b6 8. b3 Bb7
9. Rd1 a5 10. Nc3 Na6 11. e4 Rc8 12. Bb2 Re8 13. e5 Nd7 14. Qe2 Nc7 15. h4 Ba6
16. Bf1 b5 17. cxb5 cxb5 18. Qe3 b4 19. Na4 Bxf1 20. Rxf1 Na8 21. Rfc1 Ndb6 22.
Nc5 Nd7 23. a3 bxa3 24. Bxa3 Nxc5 25. dxc5 Nc7 26. Qd3 d4 27. Bb2 Nd5 28. Bxd4
Nb4 29. Qc4 Nc6 30. Bc3 Qc7 31. Ra3 Red8 32. Rca1 Rd5 33. Bxa5 Qb8 34. Bb6 Nxe5
35. Nxe5 Qxe5 36. b4 Rd4 37. Qc3 Qe4 38. Re1 Qd5 39. Qb3 Qf5 40. Ba5 g5 41. Rd1
Qg4 42. Rxd4 Qxd4 43. hxg5 Bxg5 44. b5 1-0

[Event "2.BLS 0506 Heidelberg HSH - SG Turm Tri"]
[Site "?"]
[Date "2005.12.11"]
[Round "4.4"]
[White "Postojev, Alexander"]
[Black "Seger, Ruediger"]
[Result "0-1"]
[WhiteElo "2256"]
[BlackElo "2413"]
[PlyCount "108"]
[EventDate "2005.??.??"]

1. c4 Nf6 2. Nc3 d5 3. cxd5 Nxd5 4. d4 g6 5. Bd2 Bg7 6. e4 Nb6 7. Be3 O-O 8. h3
Nc6 9. Nf3 f5 10. exf5 Bxf5 11. Qb3+ Kh8 12. d5 Ne5 13. Nd4 Qc8 14. O-O-O c5
15. Nxf5 Rxf5 16. f4 Ned7 17. g4 Rf8 18. h4 Qb8 19. h5 g5 20. h6 Bf6 21. fxg5
Qe5 22. gxf6 Qxe3+ 23. Kb1 Nxf6 24. Bd3 Rad8 25. Rhe1 Qf4 26. Bf5 Nxg4 {(=)}
27. Bxg4 Qxg4 28. Rxe7 Qf5+ 29. Ka1 c4 30. Qb5 Nxd5 31. Ree1 Ne3 32. Qxf5 Nxf5
33. a4 Rxd1+ 34. Rxd1 Nxh6 35. Rd4 Rf7 36. Rxc4 Nf5 37. Ne4 Kg7 38. a5 h5 39.
Ng5 Re7 40. Ka2 Kg6 41. Nf3 Rh7 42. b4 h4 43. Rg4+ Kf6 44. Rg8 Nd6 45. Rf8+ Ke7
46. Ra8 a6 47. Ra7 Kf6 48. Ra8 h3 49. Rd8 Ke7 50. Rg8 h2 51. Nxh2 Rxh2+ 52. Kb3
Rh3+ 53. Kb2 Kd7 54. Rg5 Rf3 0-1

[Event "2.BLS 0506 Heidelberg HSH - SG Turm Tri"]
[Site "?"]
[Date "2005.12.11"]
[Round "4.5"]
[White "Galyas, Miklos"]
[Black "Nippgen, Georg"]
[Result "1/2-1/2"]
[WhiteElo "2424"]
[BlackElo "2258"]
[PlyCount "113"]
[EventDate "2005.??.??"]

1. d4 Nf6 2. c4 e6 3. Nf3 b6 4. e3 Bb7 5. Bd3 d5 6. cxd5 exd5 7. O-O Bd6 8. b3
Nbd7 9. Bb2 Qe7 10. Nc3 a6 11. Ne2 O-O 12. Ng3 g6 13. Rc1 Ne4 14. Rc2 h5 15.
Be2 Ng5 16. Nxg5 Qxg5 17. Bf3 Nf6 18. Qc1 b5 19. Ne2 Bc8 20. Nf4 Bg4 21. Be2
Rae8 22. Re1 h4 23. Bxg4 Qxg4 24. Nd3 h3 25. f3 Qf5 26. Ne5 hxg2 27. Rxg2 c5
28. Kh1 c4 29. bxc4 bxc4 30. e4 dxe4 31. Rg5 Qh3 32. Rg3 Qh4 33. Qxc4 exf3 34.
Rxg6+ Kh8 35. Qc1 Kh7 36. Rg3 Ne4 37. Rxf3 Nf2+ 38. Kg2 Bxe5 39. dxe5 Rg8+ 40.
Rg3 Qh3+ 41. Kf3 Qh5+ 42. Kg2 Nd3 43. Qb1 Qf5 44. Rd1 Qe4+ 45. Kg1 Qe3+ 46. Kh1
Qe4+ 47. Kg1 Rd8 48. Qc2 Rg6 49. Rf1 Qe3+ 50. Kh1 Rxg3 51. hxg3 Qxg3 52. Qh2+
Qxh2+ 53. Kxh2 Nxb2 54. Rxf7+ Kg6 55. Rf6+ Kg5 56. Rxa6 Nc4 57. e6 1/2-1/2